Discographie Mylène Farmer - Statistics

General Stats
  • This quiz has been taken 210 times
    111 since last reset
  • The average score is 77 of 163
Answer Stats
Titres % Correct
Libertine
90%
Désenchantée
88%
Maman a tort
85%
Sans contrefaçon
85%
Pourvu qu'elles soient douces
83%
California
81%
Innamoramento
81%
Ainsi soit-je
79%
Tristana
79%
XXL
77%
Les mots
75%
Rêver
75%
Fuck them all
71%
L'instant X
71%
Oui mais... Non
71%
Bleu noir
69%
L'horloge
69%
Monkey me
69%
Sans logique
69%
Appelle mon numéro
67%
Stolen car
67%
A quoi je sers
65%
C'est une belle journée
65%
Dégénération
65%
Je te rends ton amour
65%
L'emprise
65%
Optimistique-moi
65%
Regrets
65%
C'est dans l'air
63%
Plus grandir
63%
Point de suture
63%
Q.I
63%
Allan
62%
Déshabillez-moi
62%
Dessine-moi un mouton
62%
L'autre
62%
Lonely Lisa
62%
N'oublie pas
62%
Avant que l'ombre...
60%
Chloé
60%
Dans les rues de Londres
60%
Je t'aime mélancolie
60%
L'Âme-Stram-Gram
60%
Peut-être toi
60%
Désobéissance
58%
Paradis inanimé
58%
Rallumer les étoiles
58%
Sextonik
58%
A tout jamais
56%
Interstellaires
56%
Vieux bouc
56%
Bouteille à la mer
54%
Comme j'ai mal
54%
L'amour naissant
54%
Alice
52%
Des larmes
52%
Histoires de fesses
52%
Je m'ennuie
52%
L'amour n'est rien
52%
Que je devienne...
52%
Si j'avais au moins...
52%
Vertige
52%
Pas le temps de vivre
50%
Rayon vert
50%
Rolling stone
50%
Sentimentale
50%
Souviens-toi du jour
50%
Agnus Dei
48%
Beyond my control
48%
Du temps
48%
Invisibles
48%
Que mon coeur lâche
48%
Consentement
46%
Diabolique mon ange
46%
Et pourtant.../ Nobody knows
46%
Jardin de vienne
46%
Laisse le vent emporter tout
46%
L'âme dans l'eau
46%
Méfie-toi
46%
Mylène s'en fout
46%
Mylenium
46%
Pardonne-moi
46%
Porno Graphique
46%
A l'ombre
44%
Do you know who I am
44%
Eaunanisme
44%
Nous souviendrons nous
44%
Que l'aube est belle
44%
Redonne-moi
44%
Tomber 7 fois
44%
We'll never die
44%
Ange parle-moi
42%
Au lecteur
42%
Cendres de lune
42%
City of love
42%
Elle a dit
42%
Get up girl
42%
Greta
42%
Je te dis tout
42%
M'effondre
42%
Pas de doute
42%
The Farmer's Conclusion
42%
Aime
40%
Et tournoie
40%
Quand
40%
A force de...
38%
Ode à l'apesanteur
38%
On est tous des imbéciles
38%
D'un autre part
37%
La ronde triste
37%
Leila
37%
Ne plus renaître
37%
Réveiller le monde
37%
Un jour ou l'autre
37%
Untitled
37%
C'est pas moi
35%
Derrière les fenêtres
35%
Prière
35%
Serais-tu là
35%
Tous ces combats
35%
J'attends
33%
L'histoire d'une fée c'est
33%
Looking for my name
33%
Love Dance
33%
Love Song
33%
Moi je veux
33%
Nuit d'hiver
33%
On a besoin d'y croire
33%
Retenir l'eau
33%
Toi l'amour
33%
Et si vieillir m'était conté
31%
Il n'ya pas d'ailleurs
31%
Inseparables
31%
Inséparables
31%
Insondables
31%
I want you to want me
31%
Psychiatric
31%
Tu ne le dis pas
31%
Voie lactée
31%
Dernier sourire
29%
J'ai essayé de vivre...
29%
N'aie plus d'amertume
29%
A rebours
27%
Au bout de la nuit
27%
Parler d'avenir
27%
Pas d'access
27%
Puisque
27%
Sois moi - Be me
27%
A-t-on jamais
25%
C'est pas l'heure
25%
Effets secondaires
25%
Ici-bas
23%
Light me up
23%
La veuve noire
19%
Slipping away (crier la vie)
19%
Mylène is calling
17%
L'annonciation
15%
Devant soi
13%
Ghosts (How can I move on)
10%
Never tear us apart
10%
Bad girl
4%
No matching quizzes found
Score Distribution
Percent of People with Each Score
Percentile by Number Answered
Your Score History
You have not taken this quiz since the last reset